Регионална библиотека "Любен Каравелов" - Русе

Огледалото на Дамаск (Запис номер 178263)

MARC детайли
000 -Лидер
Контролно поле с фиксирана дължина 01411nam a2200361 c 4500
003 - Код на организацията, давaща контролен номер
Контролно поле BLK
005 - Дата и час на последна редакция
Контролно поле 20250801125844.0
008 - Елементи от данни с фиксирана дължина
fixed length control field 180411b bul|||||r ||||||| ||bul||
010 ## - Наследен системен номер
LC control number KNG00186968000
020 ## - Международен стандартен номер на книга ISBN
Международен стандартен номер на книга ISBN 978-954-9535-74-7
040 ## - Източник на каталожния запис
Идентификатор на билиотеката - собственик на записа BLK
041 ## - Код за език
Код за езика на текст/звукозапис или на отделно заглавие Български
Код за езика КДБФ Български
072 #7 - Код за тематичната категория
Код организация bullib
Код за тематична категория Н83
Текст Чужда художествена литература Н
080 ## - УДК
Текстов определител УДК Английска литература
УДК код - определител по УДК 821.111
УДК определител -992
УДК - код + определител 821.111-992
100 1# - Редна дума - Автор
Автор Таброн, Колин
Авторска отговорност първи автор
R(LIN) 127279
139 ## - Редно поле
Редна дума Таброн, Колин
Авторски знак Табл - Т 13
245 10 - Сведения за заглавието
Заглавие Огледалото на Дамаск
Редно поле (дума) Колин Таброн; прев. от англ. Маргарит Маргаритов Дамянов.
257 ## - Страна на издаване
Страна на създаване/издаване Великобритания
260 ## - Област на издателските данни
Име на издателя, разпространителя и проч. Вакон
Година на издаване 2014
Печатница София : Алианс принт
300 ## - Физическа характеристика
Страници 300 с.
Размери/Мащаб 21 см
380 ## - Жанр
Жанр Худож. лит.
490 1# - СЕРИИ (Колекции)
Име на серия Пътешествия и приключения
500 ## - Общи забележки
Забележка Ориг. загл.: Mirror to Damascus / Colin Thubron. - Биогр. данни за авт.
659 ## - Тематичен бюлетин
Тематичен бюлетин Н
700 1# - Други автори (авторска отговорност)
Лично име Дамянов, Маргарит Маргаритов
Автороска отговорност (Описва отношението между автора и произведението) прев. от англ.
9 (RLIN) 368565
852 ## - Местоположение
Форматна сигнатура Цб 279854
856 4# - Електронен адрес и достъп
Електронен формат pdf - файл
856 4# - Електронен адрес и достъп
Електронен формат pdf - файл
999 ## - СИСТЕМНИ КОНТРОЛНИ НОМЕРА
Koha biblionumber 178263
Koha biblioitemnumber 178263
942 ## - АРТИКУЛИ
Вид на библиотечния материал Книги
Скрит в OPAC Не
Периодичен библиозапис Да
Koha issues (borrowed), all copies 18
944 ## - СЪЗДАВАНЕ И РЕДАКЦИЯ на ЗАПИСА
Създаване/Редакция Създаване
Дата на регистрацията/редакция 09.03.2016
Служител, извършил регистрацията/редакцията 30542
Статус, дата на статуса Русанова Ирена
944 ## - СЪЗДАВАНЕ И РЕДАКЦИЯ на ЗАПИСА
Създаване/Редакция Редакция
Дата на регистрацията/редакция 06.04.2016
Служител, извършил регистрацията/редакцията Виолета_Тройчева
999 ## - СИСТЕМНИ КОНТРОЛНИ НОМЕРА
Koha biblioitemnumber 178263
Наличности
Код за отписване Код за изгубен артикул Код за повреда Коз за рестрикции Код за отдаване Артикулен № Име на библиотеката - собственик Име на библиотеката, в която се намира в момента Статус (Текущо местоположение) Дата на вписване в системата Местоположение - отдел Цена в лева Инвентарен номер Систематично азбучна сигнатура Баркод Номер на екземпляра Цена в евро Служебна бележка Служебен тип на артикула Източник на класификационната схема
  Не е изгубен Не е повреден без рестрикции ползва се в читалня 306179 Регионална библиотека "Любен Каравелов" Русе Регионална библиотека "Любен Каравелов" Русе Хранилище 2016-03-09 Хранилище 17.00 120000798695 Цб 279854 120000798695 1 8.69 Дост: Dp Вид: Д N: 7 Дата: 01.02.2016 Книги  
  Не е изгубен Не е повреден без рестрикции заемане за дома 752453 Регионална библиотека "Любен Каравелов" Русе Регионална библиотека "Любен Каравелов" Русе Заемна - подръчен фонд 2019-12-12 Заемна - подръчен фонд 11.90   П 820-31/Т 13 120000840095   6.08   Книги Universal Decimal Classification
  Не е изгубен Не е повреден без рестрикции заемане за дома 752454 Регионална библиотека "Любен Каравелов" Русе Регионална библиотека "Любен Каравелов" Русе Заемна - подръчен фонд 2019-12-12 Заемна - подръчен фонд 11.90   П 820-31/Т 13 120000840094   6.08   Книги Universal Decimal Classification
Vip Innovations Ltd, Rousse, Bulgaria 2025